| 000 | 00441nam a2200181Ia 4500 | ||
|---|---|---|---|
| 008 | 180207s9999 xx 000 0 und d | ||
| 020 | _a9780545029759 | ||
| 050 | _bO329 2008 | ||
| 245 | _aO'Figgity fig tree : | ||
| 245 | _ba holiday story / | ||
| 260 | _aNew York : | ||
| 260 | _bScholastic, | ||
| 260 | _c2008 | ||
| 300 | _aunpaged : | ||
| 300 | _bcolor illustration ; | ||
| 300 | _c18cm. | ||
| 440 | _aNick Jr. wow! wow! wubbzy! | ||
| 999 |
_c355753 _d355753 |
||